00971nam a2200229 a 450000100060000000300080000600500170001400800410003103500190007204000350009104100080012608200260013410000180016024502330017826000800041130000350049150200860052650400300061265000270064270000340066970000380070384155BD-RjUL20241023104744.0241023s2022 bg a|||| m||| 00| 0 eng d a(BD-RjUL)84155 aBD-RjULbengcBD-RjULdBD-RjUL aeng 223a615.754bPAI 2022 aParvin, Ayrin10aIsolation and Antifungal Sensitivity Test of Oral Candida sp. of Paediatric Patients Attending Dental Unit at Rajshahi Medical College Hospital /cBy Ayrin Parvin ;6Supervisor : Md. Salah Uddin, Co-Supervisor : Md. Ariful Haque aRajshahi :bInstitute of Biological Sciences, University of Rajshahi,c2022 ax, 72 Leaves :bill, ;c29 cm. aThesis (Ph. D.) -- Institute of Biological Sciences, University of Rajshahi, 2022 aReferences : Leaves 57-68 aAntifungal vIsolation aUddin, Md. Salah, Supervisor  aHaque, Md. Ariful, Co-Supervisor